MDQL
is popping MORE tags! Check the
thread
!
Quizzes
Events
Quiz Creation
Community
Videos
Private Events
Remove Ads
Sign In
Join for FREE
Feedback
Dark Mode
Quiz Categories
Sports
Geography
Music
Movies
Television
Just For Fun
Miscellaneous
History
Literature
Language
Science
Gaming
Entertainment
Religion
Holiday
For Kids
Quiz Lab
Recent
Popular Today
Quiz Kudos Today
Editor Picks
Curator Picks
Quizzes by...
Day
Popularity
Type
Ratings
Length
Year
Community
Subscriptions
Recent Discussions
Orange Saloon
Badges
Playlists
Quests
Create
Leaderboards
Showdown
Live 5
Trivia Bingo
Activity
Puzzle Library
Sporcle Events
Private Events
Virtual Trivia
Globe League
Become a Host
Pub Owners
SporcleCon
Opinionation
Our Games
Videos
Blog
Mobile Apps
Partnerships
Remove Ads and Go Orange
Feedback
Music
Pop Music
The Beatles
Song
Album
Lyrics
Bands
Singers
Artist
Clip
Rock
Rap
Classical
Billboard
Country Music
Kpop
Taylor Swift
Music
Pop Music
The Beatles
Song
Album
Lyrics
Bands
Singers
Artist
Clip
Rock
Rap
Classical
Billboard
Country Music
Kpop
Taylor Swift
Random Quiz
Search Sporcle
×
Quiz Lab
Quiz Lab
Music
Classical
Type in answers that appear in a list
Type in answers that appear in a list
Classic
Best Score? Go Orange.
Pupils of Chopin Stats
Can you name the major Pupils of Chopin?
By
willjolliffe
10m
31 Questions
3 Plays
3 Plays
3 Plays
Comments
Comments
Give Quiz Kudos
Give Quiz Kudos
-
- Ratings
hide this ad
More Info
Replay
Link that replays current quiz
Next Quiz
Link to next quiz in quiz playlist
You Got
0%
They Got
Avg Score
3%
Avg Friend Score
Upgrade to see
Score Distribution
Jump to the score distribution portion of the page
Score
0/31
Timer
10:00
0
Plays Today
Hint
Answer
% Correct
Carl Filtsch
33.3%
Adolf Gutmann
33.3%
Georges Mathias
33.3%
Kornel d’ Abranyi
0%
Princess Marcelina Czartoryska
0%
Emile Décombes
0%
Laura Duperre Countess elise de Eustaphiew
0%
J. C. Hadden Caroline Hartmann
0%
Vera de Kologrivoff
0%
Mademoiselle R. de Konneritz
0%
Ignacy Krzyzanowski
0%
Wilhelm von Lenz
0%
Ignace X. J. Leyback
0%
Madame Antoinette Maute de Fleurville
0%
Carl Mikuli
0%
Friedericke Muller
0%
Hint
Answer
% Correct
Camilla O’Meara
0%
Napoleon Orda
0%
F. - Henri Peru
0%
Countess Delfina Potocka
0%
Anton Ree
0%
Brinley Richards
0%
Madame Marie Roubaud de Cournand
0%
Zofia Rosengardt
0%
Marie de Roziere
0%
Princess Catherine de Souzzo
0%
Lindsay Sloper
0%
Jane Stirling
0%
Thomas Tellefsen
0%
Pauline Viardot-Gracia
0%
Emilie von Timm
0%
Quiz Playlist
Details
Report
Send in Message
Add To Playlist
More Info:
Simply give the first and last names of the major pupils of Chopin. Names with accents are to be typed in English for convenience.
Classic:
Type in answers that appear in a list
Last Updated: Feb 16, 2017
Quiz Scoreboard
CHALLENGE
Sign Up to Join the Scoreboard
Show All
Scores
Hide
Comments
May contain spoilers
Recently Published
Colored Red Africa Blitz
by spor1
Geography
30s
Find the 'City' Movie
by crazypaving
Movies
60s
5x2 Blitz: Bands
by SL_Kpop136
Music
30s
More to Explore
Quiz From the Vault
Featured Blog Post
14 Easter Pick-up Lines to Find Eggs With
hide this ad
You Might Also Like...
Tags
Classical Quiz
chopin
Classical Music
Expensive Music
Piano
Romantic
Today's Top Quizzes in Music
Browse Music
hide this ad
Today's Top Quizzes in Classical
Browse Classical
Top Contributed Quizzes in Music
1
5X2 Blitz: Bands II
2
5X2 Blitz: The Beatles
3
Taylor Swift All Songs (2024)
4
5X2 Blitz: Billboard
5
Taylor Swift Logic Puzzle II
6
5X2 Blitz: Billboard II
7
Taylor Swift Logic Puzzle
8
5X2 Blitz: Rock
9
5X2 Blitz: Singers
10
5X2 Blitz: Album
Explore More
Trending Topics
Marvel
Anime
Disney
Crossword
NBA
Harry Potter
Kpop
NFL
Song
The Office
Soccer
Pokémon
Puzzle
Country
WWE
hide this ad
More By:
willjolliffe
Quiz
Plays
Rating
Category
Featured
Created
Pupils of Chopin
3
Music
Aug 30, 2016
Go to Creator's Profile
Score Distribution
Quiz Creator Spotlight
willjolliffe
Follow
Send a Message
Quizzes Created
-
Created Quiz Play Count
-
More By This Creator
Popular Quizzes Today
1
Colored Red Africa Blitz
2
Find the 'City' Movie
3
5x2 Blitz: Bands
4
Find the US States - No Outlines Minefield
5
The Countries of the World
6
Find the US States
7
US States
8
Find the Countries of Europe - No Outlines Minefield
More Music Quizzes
200 kpop girls by pictures
Quiz Lab
Trending Quizzes
Colored Red Europe Blitz I
Colored Red Europe Blitz II
Colored Red Africa Blitz II
Colored Red Europe Blitz III
Colored Red Africa Blitz III
Recently Updated
How Do You Spell That?
pecheneg
Godzilla Movies
pecheneg
Grab Bag: 4-10 Letters
pecheneg
2024 March Madness Bracket
pecheneg
Famous TV Couples
Peacemaker
Champions League XIs: Real Madrid
pecheneg
Largest US Cities 1790-2010
pecheneg
Rides in Walt Disney World
pecheneg
Most Oscar Losses (Acting)
pecheneg
Beyoncé Albums
pecheneg
Trending Topics
Marvel
Anime
Disney
Crossword
Kpop
NBA
Harry Potter
The Office
Pokémon
Country
WWE
Soccer
Puzzle
Song
NFL
Your Account Isn't Verified!
In order to create a playlist on Sporcle, you need to verify the email address you used during registration. Go to your
Sporcle Settings
to finish the process.
Report this User
Report this user for behavior that violates our
Community Guidelines
.
Details:
Send Report
Go to the Sporcle.com Mobile Site →
Comments